L'Espagne et la France à l'époque de la Révolution française (1793-1807) : (Record no. 13605)

000 -LEADER
fixed length control field 00569cam a2200157 a 4500
020 ## - INTERNATIONAL STANDARD BOOK NUMBER
ISBN 2908912155 :
040 ## - CATALOGING SOURCE
Transcribing agency DLC
082 00 - DEWEY DECIMAL CLASSIFICATION NUMBER
Classification number 303 PRE 1994 A011 Or.
245 02 - TITLE STATEMENT
Title L'Espagne et la France à l'époque de la Révolution française (1793-1807) :
Remainder of title actes du colloque organisé à Perpignan les 1er, 2 et 3 octobre 1992 /
260 ## - PUBLICATION, DISTRIBUTION, ETC. (IMPRINT)
Place of publication Perpignan :
Name of publisher Presses universitaires de Perpignan,
Year of publication c1994.
300 ## - PHYSICAL DESCRIPTION
Number of Pages 421 p. :
Other physical details ill., maps ;
Dimensions 24 cm.
490 1# - SERIES STATEMENT
Series statement Collection Etudes
650 #0 - SUBJECT ADDED ENTRY--TOPICAL TERM
Topical Term First Coalition, War of the, 1792-1797
700 1# - ADDED ENTRY--PERSONAL NAME
Personal name Sagnes, Jean.
942 ## - ADDED ENTRY ELEMENTS (KOHA)
Koha item type សៀវភៅភាសាអង់គ្លេស
952 ## - LOCATION AND ITEM INFORMATION (KOHA)
Withdrawn status [LOCAL, KOHA] 0
Holdings
Permanent Location Date acquired Koha item type Lost status Shelving location Barcode Current Location Full call number
Library Block A2017-08-29សៀវភៅភាសាបារាំង A011A19787Library Block A303 PRE 1994 A011 Or.
មជ្ឈមណ្ឌលឯការនៃសាកលវិទ្យាល័យភូមិន្ទកសិកម្មចំការដូង

Powered by Koha